Flat Stanley : (Record no. 4297)

MARC details
000 -LEADER
fixed length control field 01249cam a22003737a 4500
001 - CONTROL NUMBER
control field 4297
003 - CONTROL NUMBER IDENTIFIER
control field FISKH
005 - DATE AND TIME OF LATEST TRANSACTION
control field 20250814102220.0
008 - FIXED-LENGTH DATA ELEMENTS--GENERAL INFORMATION
fixed length control field 131108r20091964nyua j 000 1 eng d
010 ## - LIBRARY OF CONGRESS CONTROL NUMBER
LC control number 2012418746
020 ## - INTERNATIONAL STANDARD BOOK NUMBER
International Standard Book Number 9780060097912 (pbk.)
020 ## - INTERNATIONAL STANDARD BOOK NUMBER
International Standard Book Number 0060097914 (pbk.)
035 ## - SYSTEM CONTROL NUMBER
System control number (OCoLC)ocn391593006
040 ## - CATALOGING SOURCE
Original cataloging agency TYV
Transcribing agency TYV
Modifying agency TYV
-- ZAC
-- SINLB
-- VP@
-- IJ5
-- DLC
Language of cataloging eng
042 ## - AUTHENTICATION CODE
Authentication code lccopycat
050 ## - LIBRARY OF CONGRESS CALL NUMBER
Classification number PZ7.B81422
082 ## - DEWEY DECIMAL CLASSIFICATION NUMBER
Classification number 813
100 1# - MAIN ENTRY--PERSONAL NAME
Personal name Brown, Jeff,
Dates associated with a name 1926-2003.
245 10 - TITLE STATEMENT
Title Flat Stanley :
Remainder of title his original adventure! /
Statement of responsibility, etc. by Jeff Brown ; pictures by Macky Pamintuan.
250 ## - EDITION STATEMENT
Edition statement First paperback edition,1996
260 ## - PUBLICATION, DISTRIBUTION, ETC.
Place of publication, distribution, etc. New York :
Name of publisher, distributor, etc. illustrations ;
Date of publication, distribution, etc. 1964.
300 ## - PHYSICAL DESCRIPTION
Extent 72, 5 pages :
Other physical details illustrations ;
Dimensions 20 cm
500 ## - GENERAL NOTE
General note Includes sneak peak at Flat Stanley: Stanley Flat Again.
505 ## - FORMATTED CONTENTS NOTE
Formatted contents note M<br/>
520 ## - SUMMARY, ETC.
Summary, etc. After a bulletin board falls on Stanley while he is sleeping, he finds that being flat has its advantages.
521 ## - TARGET AUDIENCE NOTE
Target audience note 550<br/>
Source Lexile AD <br/>
521 ## - TARGET AUDIENCE NOTE
Target audience note M
Source Raz-Plus<br/>
650 #0 - SUBJECT ADDED ENTRY--TOPICAL TERM
Topical term or geographic name entry element Humorous stories.
650 #1 - SUBJECT ADDED ENTRY--TOPICAL TERM
Topical term or geographic name entry element Humorous stories.
700 1# - ADDED ENTRY--PERSONAL NAME
Personal name Pamintuan, Macky,
Relator term illustrations
906 ## - LOCAL DATA ELEMENT F, LDF (RLIN)
a 7
b cbc
c copycat
d 2
e ncip
f 20
g y-gencatlg
942 ## - ADDED ENTRY ELEMENTS (KOHA)
Source of classification or shelving scheme Dewey Decimal Classification
Koha item type Books
Suppress in OPAC No
Holdings
Withdrawn status Lost status Source of classification or shelving scheme Damaged status Not for loan Collection Home library Current library Shelving location Date acquired Total Checkouts Full call number Barcode Date last seen Date last checked out Copy number Price effective from Koha item type
    Dewey Decimal Classification     Juvenile Fiction Footprints International School Library Network Toul Kork Campus Footprints International School Library Network Toul Kork Campus TK Primary Library Room(4th Floor), Bookcase 3&4, Shelves 17-32, Yellow Books 07/15/2024 1 BRO 813 PZ7.B81422 FISTK03528 10/03/2025 09/12/2025 1 07/15/2024 Books
    Dewey Decimal Classification     Juvenile Fiction Footprints International School Library Network Toul Kork Campus Footprints International School Library Network Toul Kork Campus TK Primary Library Room(4th Floor), Bookcase 3&4, Shelves 17-32, Yellow Books 08/14/2025   BRO 813 PZ7.B81422 FISTK00405 08/14/2025   2 08/14/2025 Books